书目信息 |
| 题名: |
历史课程教材教法研究
|
|
| 作者: | 郑林 著 | |
| 分册: | ||
| 出版信息: | 北京 社会科学文献出版社 2018.01 |
|
| 页数: | 327页 | |
| 开本: | 24cm | |
| 丛书名: | ||
| 单 册: | ||
| 中图分类: | G633.512 | |
| 科图分类: | ||
| 主题词: | 中学历史课--教学法 | |
| 电子资源: | ||
| ISBN: | 978-7-5201-1835-4 | |
| 000 | 01138nam0 2200253 450 | |
| 001 | 4356 | |
| 005 | 20180613140924.47 | |
| 010 | @a978-7-5201-1835-4@dCNY89.00 | |
| 100 | @a20180315d2018 em y0chiy50 ea | |
| 101 | 0 | @achi |
| 102 | @aCN@b110000 | |
| 105 | @ay z 000yy | |
| 200 | 1 | @a历史课程教材教法研究@9li shi ke cheng jiao cai jiao fa yan jiu@dResearch on teaching methods of history courses@f郑林著@zeng |
| 210 | @a北京@c社会科学文献出版社@d2018.01 | |
| 215 | @a327页@d24cm | |
| 300 | @a北京师范大学未来教育高精尖创新中心资助 | |
| 314 | @a郑林,男,北京师范大学历史学院教授,博士生导师,历史教育教研室主任等职。代表作有《现代化与农业创新路径的选择——中国近代农业技术创新三元结构分析》《基于学生核心素养的历史学科能力研究》等。 | |
| 330 | @a本书汇集了作者2005-2017年的研究所得,内容涉及历史课程、历史教材、历史教学、历史教学评价、历史教师教育等领域,是对这十多年来所做历史教育研究的一个小结。 | |
| 510 | 1 | @aResearch on teaching methods of history courses@zeng |
| 606 | 0 | @a中学历史课@x教学法 |
| 690 | @aG633.512@v5 | |
| 701 | 0 | @a郑林@9zheng lin@4著 |
| 801 | 0 | @aCN@b91MARC@c20180315 |
| 905 | @aMuseLib@dG633.512@e309 | |
| 历史课程教材教法研究=Research on teaching methods of history courses/郑林著.-北京:社会科学文献出版社,2018.01 |
| 327页;24cm |
| 北京师范大学未来教育高精尖创新中心资助 |
| ISBN 978-7-5201-1835-4:CNY89.00 |
| 本书汇集了作者2005-2017年的研究所得,内容涉及历史课程、历史教材、历史教学、历史教学评价、历史教师教育等领域,是对这十多年来所做历史教育研究的一个小结。 |
| ● |
| 相关链接 |
|
|
|
|
正题名:历史课程教材教法研究
索取号:G633.512/309
 
预约/预借
| 序号 | 登录号 | 条形码 | 馆藏地/架位号 | 状态 | 备注 |
| 1 | 1117138 | 211171382 | 第一样本阅览室/ [索取号:G633.512/309] | 在馆 | |
| 2 | 1117139 | 211171391 | 教育系资料室/ [索取号:G633.512/309] | 在馆 | |
| 3 | 1117140 | 211171408 | 教育系资料室/ [索取号:G633.512/309] | 在馆 | |
| 4 | 1117141 | 211171417 | 教育系资料室/ [索取号:G633.512/309] | 在馆 | |
| 5 | 1117142 | 211171426 | 第四借阅区/ [索取号:G633.512/309] | 在馆 |